| 000 | 006810000a22001930004500 | ||
|---|---|---|---|
| 020 | _a958-0048-2 | ||
| 041 | 0 | _aSPA | |
| 082 | 0 | 4 | _aG 378.03 C74889c |
| 245 | 1 | 0 | _aConferencia Internacional de Educación a Distancia : La solución educativa para el siglo XXI : Memorias / Instituto Colombiano para el Fomento de la Educación Superior |
| 260 | _aBogotá : ICFES | ||
| 300 | _a620 Pag | ||
| 500 | _aCentro de Convenciones, Cartagena, 2 al 5 de junio de 1998 | ||
| 650 | 1 | 4 | _aEDUCACION SUPERIOR - CONGRESOS \ EDUCACION ABIERTA |
| 001 | 13693 | ||
| 942 | _cBK | ||
| 999 |
_c42648 _d42648 |
||
| 336 |
_atexto _btxt _2rdacontent |
||
| 337 |
_2rdamedia _asin mediación _bn |
||
| 338 |
_2rdacarrier _avolumen _bnc |
||